Guess the 1960s song lyrics #31 - Statistics

General Stats
  • This quiz has been taken 23 times
  • The average score is 220 of 266
Answer Stats
Answer % Correct
a
100%
And
100%
and
100%
I
100%
I'll
100%
my
100%
the
100%
you
100%
You
100%
be
95%
last
95%
no
95%
to
95%
Clarksville
90%
Do
90%
do
90%
Don't
90%
don't
90%
Oh
90%
oh
90%
train
90%
Train
90%
at
85%
by
85%
can
85%
go
85%
hear
85%
meet
85%
see
85%
station
85%
Take
85%
if
80%
I'm
80%
in
80%
of
80%
your
80%
ever
75%
know
75%
all
70%
can't
70%
for
70%
here
70%
I've
70%
Now
70%
thirty
70%
this
70%
up
70%
We'll
70%
again
65%
coming
65%
four
65%
have
65%
home
65%
morning
65%
one
60%
Cause
55%
leaving
55%
made
55%
reservation
55%
time
55%
must
50%
waiting
50%
more
45%
night
45%
slow
45%
feeling
35%
together
35%
alone
30%
hang
30%
phone
30%
low
25%
noisy
25%
railroad
25%
bit
20%
conversation
20%
Til
20%
brings
15%
coffee
15%
kisses
15%
flavored
10%
No matching quizzes found
Score Distribution
Percent of People with Each Score
Percentile by Number Answered
Your Score History
You have not taken this quiz